100 logos de marques de voitures - Statistiques

Statistiques générales
  • Ce quiz a été pris 160 596 fois
  • Le résultat moyen est 45 sur 100
Statistiques - réponses
Par images Réponse % Correct
Audi
98%
Citroën
97%
Ferrari
97%
Ford
97%
Mercedes-Benz
97%
Toyota
97%
Tesla
96%
BMW
95%
Peugeot
95%
Jaguar
93%
Volvo
93%
Renault
91%
Honda
90%
Porsche
90%
Dacia
89%
Opel
89%
Alfa Romeo
88%
Fiat
88%
Mini
88%
Škoda
88%
Suzuki
88%
Chevrolet
87%
Volkswagen
81%
Lamborghini
80%
Rolls Royce
80%
Jeep
79%
Lexus
78%
Aston Martin
77%
Land Rover
77%
Bentley
76%
Seat
76%
DS
75%
Kia
75%
Hyundai
71%
Nissan
70%
Mazda
68%
Mitsubishi
67%
Alpine
66%
Bugatti
63%
Maserati
62%
Subaru
61%
Smart
60%
MG
57%
Abarth
54%
McLaren
53%
Mustang
51%
Cadillac
50%
Lancia
49%
Cupra
47%
Lotus
47%
Yamaha
45%
Dodge
43%
Infiniti
43%
Corvette
42%
Pagani
35%
Saab
32%
Koenigsegg
31%
MAN
30%
Chrysler
26%
Shelby
25%
RAM
24%
Maybach
21%
Acura
14%
Pontiac
14%
Lincoln
12%
Vauxhall
10%
Daewoo
9%
Tata
9%
Buick
8%
Daihatsu
8%
Kawasaki
8%
Ligier
8%
KGM
7%
Lada
7%
De Tomaso
6%
Pininfarina
6%
Ariel
5%
Datsun
5%
Genesis
4%
Holden
4%
Morgan
4%
Scion
4%
Fisker
3%
Mercury
3%
Saturn
3%
Bertone
2%
Chery
2%
Ginetta
2%
Leapmotor
2%
London Taxi
2%
Trabant
2%
Venturi
2%
Wiesmann
2%
Aiways
1%
Brilliance
1%
David Brown
1%
Isuzu
1%
Nio
1%
Rivian
1%
SAIC
1%
Aucun quiz correspondant
Distribution des résultats
% des personnes avec chaque résultat
Percentile par nombre de réponses
Votre historique - résultats
Vous n’avez pas pris ce quiz